Inventarios : manejo y control / (Record no. 5510)

MARC details
000 -LEADER
campo de control de longitud fija 01278nam a22003497a 4500
003 - IDENTIFICADOR DE NÚMERO DE CONTROL
campo de control BO-EaUP
005 - FECHA Y HORA DE LA ÚLTIMA TRANSACCIÓN
campo de control 20260504152532.0
008 - DATOS DE LONGITUD FIJA--INFORMACIÓN GENERAL
campo de control de longitud fija 260504b2022 ck ad|||ri||| 00| 0 spa d
020 ## - NÚMERO INTERNACIONAL ESTÁNDAR DEL LIBRO
Número Internacional Estándar del Libro 978-958-503-390-0
040 ## - FUENTE DE CATALOGACIÓN
Centro catalogador/agencia de origen BO-EaUP
Centro/agencia transcriptor Biblioadmiempresas
Normas de descripción RDA
Lengua de catalogación spa
041 ## - CÓDIGO DE IDIOMA
Código de lengua del texto/banda sonora o título independiente spa
Código de lengua original spa
043 ## - CÓDIGO DE ÁREA GEOGRÁFICA
Código de área geográfica s-ck
082 ## - NÚMERO DE LA CLASIFICACIÓN DECIMAL DEWEY
Número de edición 21
Número de clasificación 658.787
092 ## - ASIGNACIÓN LOCAL DE SIGNATURA TOPOGRÁFICA DEWEY (OCLC)
Número de clasificación 658.787
Signatura Librística G9347i.3
100 ## - ENTRADA PRINCIPAL--NOMBRE DE PERSONA
Nombre de persona Guerrero Salas, Humberto
Término indicativo de función/relación Autor
9 (RLIN) 55
245 10 - MENCIÓN DEL TÍTULO
Título Inventarios : manejo y control /
Mención de responsabilidad, etc. Humberto Guerrero S.
250 ## - MENCION DE EDICION
Mención de edición Tercera edición
260 ## - PUBLICACIÓN, DISTRIBUCIÓN, ETC.
Lugar de publicación, distribución, etc. Bogotá :
Nombre del editor, distribuidor, etc. Ecoe Edicones,
Fecha de publicación, distribución, etc. 2022
300 ## - DESCRIPCIÓN FÍSICA
Extensión xxiii, 192 páginas ;
Otras características físicas Ilustraciones, cuadros, gráficos.-- (Ciencias empresariales. Logística) ;
Dimensiones 17 x 24 centímetros ;
Tipo de unidad Rústico
336 ## - TIPO DE CONTENIDO
Fuente rdacontenido
Término de tipo de contenido texto
Código de tipo de contenido txt
337 ## - TIPO DE MEDIO
Fuente rdamedia
Nombre/término del tipo de medio no mediado
Código del tipo de medio n
338 ## - TIPO DE SOPORTE
Nombre/término del tipo de soporte volumen
Código del tipo de soporte nc
Fuente rdacarrier
505 2# - NOTA DE CONTENIDO CON FORMATO
Nota de contenido con formato CAPÍTULOS 1. Generalidades de los modelos de inventarios.-
505 2# - NOTA DE CONTENIDO CON FORMATO
Nota de contenido con formato CAPÍTULOS 2. Modelos Determinísticos.-
505 2# - NOTA DE CONTENIDO CON FORMATO
Nota de contenido con formato CAPÍTULOS 3. Sistemas de Inventarios.-
505 2# - NOTA DE CONTENIDO CON FORMATO
Nota de contenido con formato CAPÍTULOS 4. Modelos Estocásticos.--
650 ## - PUNTO DE ACCESO ADICIONAL DE MATERIA--TÉRMINO DE MATERIA
Término de materia o nombre geográfico como elemento de entrada LOGÍSTICA EMPRESARIAL
9 (RLIN) 1651
650 ## - PUNTO DE ACCESO ADICIONAL DE MATERIA--TÉRMINO DE MATERIA
Término de materia o nombre geográfico como elemento de entrada CONTROL DE INVENTARIOS
9 (RLIN) 5926
653 ## - TÉRMINO DE INDIZACIÓN--NO CONTROLADO
Término no controlado ADMINISTRACIÓN DE MATERIALES
653 ## - TÉRMINO DE INDIZACIÓN--NO CONTROLADO
Término no controlado MODELOS MATEMÁTICOS
942 ## - ELEMENTOS DE ENTRADA SECUNDARIOS (KOHA)
Fuente del sistema de clasificación o colocación Clasificación Decimal Dewey
Tipo de ítem Koha Libros
Suprimir en OPAC No
Edición 21
Holdings
Estatus retirado Estado de pérdida Fuente del sistema de clasificación o colocación Estado de daño No para préstamo Colección Biblioteca de origen Biblioteca actual Ubicación en estantería Fecha de adquisición Fuente de adquisición Número de inventario Total de préstamos Signatura topográfica completa Código de barras Visto por última vez Copia número Precio de reemplazo Tipo de ítem Koha
    Clasificación Decimal Dewey     Logística empresarial Biblioteca Especializada de Administración de Empresas Biblioteca Especializada de Administración de Empresas Administracion financiera 04/05/2026 Compra HBAEOA06-0588   658.787/G9247i.3 658.787/G9247i.3 04/05/2026 1 04/05/2026 Libros